[Event "16e Open International - Réunion"]
[Site "Saint-Denis (974)"]
[Date "2014.10.18"]
[Round "3.28"]
[White "Lacouture, Alexandre"]
[Black "Alex-Geerjanan, Nils"]
[Result "1-0"]
[WhiteElo "1210"]
[BlackElo "1009"]
[PlyCount "39"]
[EventDate "2014.??.??"]

1. e4 e5 2. Nf3 Nc6 3. Bc4 Bc5 4. d3 d6 5. Ng5 Qxg5 6. Bxg5 f6 7. Bd2 Na5 8.
Bxa5 Bd7 9. b4 Bb6 10. Bxb6 axb6 11. O-O Nh6 12. Nc3 Ng4 13. f3 Kd8 14. fxg4
Ra3 15. Nb5 g5 16. Nxa3 Re8 17. Rxf6 Ba4 18. Bb5 Re7 19. Rf8+ Re8 20. Rxe8# 1-0

[Event "16e Open International - Réunion"]
[Site "Saint-Denis (974)"]
[Date "2014.10.20"]
[Round "4"]
[White "Reinhart, Emmanuel"]
[Black "Stratonowitsch, Andre"]
[Result "1/2-1/2"]
[WhiteElo "2355"]
[BlackElo "2124"]
[PlyCount "80"]
[EventDate "2014.??.??"]

1. e4 c5 2. Nf3 e6 3. d4 cxd4 4. Nxd4 Nc6 5. Nc3 Qc7 6. Be3 a6 7. Qd2 Nf6 8. f3
Ne5 9. Nb3 Bb4 10. Bd4 Nc6 11. Bc5 Bxc5 12. Nxc5 O-O 13. O-O-O d5 14. exd5 Nb4
15. N5e4 Nfxd5 16. Nxd5 Nxd5 17. Kb1 b5 18. Bd3 Bb7 19. Qf2 Rac8 20. Qh4 Qe7
21. Qxe7 Nxe7 22. Nd6 Rc7 23. Nxb7 Rxb7 24. Be4 Rc7 25. Rd6 f5 26. Bd3 Rc6 27.
Rxc6 Nxc6 28. Re1 Kf7 29. a4 Rb8 30. c3 Kf6 31. Kc2 Ne5 32. Bf1 g5 33. Rd1 Rb6
34. b4 f4 35. Kb3 g4 36. Be2 h5 37. Rd4 Kf5 38. Rd8 Kg5 39. Rg8+ Kh4 40. Rf8
Kg5 1/2-1/2

[Event "16e Open International - Réunion"]
[Site "Saint-Denis (974)"]
[Date "2014.10.20"]
[Round "4"]
[White "Rodier, David"]
[Black "Letreguilly, Olivier"]
[Result "0-1"]
[WhiteElo "2136"]
[BlackElo "2332"]
[PlyCount "53"]
[EventDate "2014.??.??"]

1. d4 e6 2. c4 Bb4+ 3. Bd2 a5 4. Nf3 d6 5. g3 Nc6 6. Bg2 e5 7. O-O Nxd4 8. Nxd4
exd4 9. Bxb4 axb4 10. Qxd4 Nf6 11. Qd2 c5 12. Rd1 Ra6 13. a4 O-O 14. Qc2 Re8
15. e4 Ng4 16. h3 Ne5 17. Nd2 Nc6 18. Nf3 b3 19. Qxb3 Rxe4 20. Qd3 Re6 21. b3
Rb6 22. Kh2 h6 23. Re1 Qf6 24. Rxe6 Bxe6 25. Re1 Na5 26. Nd2 Qxf2 27. Ne4 0-1

[Event "16e Open International - Réunion"]
[Site "Saint-Denis (974)"]
[Date "2014.10.20"]
[Round "4"]
[White "Cochard, Franck-Olivier"]
[Black "Stahl, Clement"]
[Result "0-1"]
[WhiteElo "1655"]
[BlackElo "2149"]
[PlyCount "81"]
[EventDate "2014.??.??"]

1. Nf3 g6 2. c4 Bg7 3. d4 Nf6 4. Nc3 O-O 5. g3 d6 6. e4 Nbd7 7. Bg2 e5 8. O-O
Re8 9. d5 a5 10. Be3 Ng4 11. Bg5 f6 12. Bd2 Nc5 13. h3 Nh6 14. Be3 Nf7 15. Nd2
f5 16. Na4 Nxe4 17. Nxe4 fxe4 18. Nc3 Ng5 19. Bxg5 Qxg5 20. Nxe4 Qe7 21. Re1
Rf8 22. a3 a4 23. c5 dxc5 24. Rc1 Bh6 25. Rxc5 b6 26. d6 cxd6 27. Nxd6 bxc5 28.
Bxa8 Be6 29. Bc6 Rd8 30. Rxe5 Qxd6 31. Qxd6 Rxd6 32. Rxc5 Bb3 33. Ra5 Rd4 34.
Kg2 Bc1 35. Kf3 Bd1+ 36. Kg2 Bxb2 37. Bxa4 Bxa4 38. Ra7 Bxa3 39. g4 Bc6+ 40.
Kf1 Bf3 41. Kg1 0-1

[Event "16e Open International - Réunion"]
[Site "Saint-Denis (974)"]
[Date "2014.10.20"]
[Round "4"]
[White "Moret, Vincent"]
[Black "Gallet, Hadrien"]
[Result "1/2-1/2"]
[WhiteElo "2175"]
[BlackElo "1614"]
[PlyCount "50"]
[EventDate "2014.??.??"]

1. d4 d5 2. Bf4 Bf5 3. e3 Nf6 4. c4 e6 5. Nc3 c5 6. cxd5 Nxd5 7. Nxd5 Qxd5 8.
Bxb8 Rxb8 9. Qa4+ Kd8 10. Nf3 Bd6 11. Bc4 Qc6 12. Bb5 Qb6 13. dxc5 Qxc5 14. O-O
Ke7 15. Rac1 Qb6 16. Rfd1 a6 17. Bf1 Qxb2 18. e4 Bg6 19. e5 Bxe5 20. Nxe5 Qxe5
21. Rd7+ Kf6 22. Qh4+ Qg5 23. Qd4+ Qe5 24. Qh4+ Qg5 25. Qd4+ Qe5 1/2-1/2

[Event "16e Open International - Réunion"]
[Site "Saint-Denis (974)"]
[Date "2014.10.20"]
[Round "4"]
[White "Wimmer, Olivier"]
[Black "Payet, Jean-Claude"]
[Result "1-0"]
[WhiteElo "2044"]
[BlackElo "1893"]
[PlyCount "125"]
[EventDate "2014.??.??"]

1. d4 Nf6 2. Nf3 d6 3. g3 g6 4. Bg2 Bg7 5. O-O O-O 6. c4 c6 7. Nc3 d5 8. Ne5
Be6 9. cxd5 Nxd5 10. Nxd5 cxd5 11. Qb3 Nc6 12. Nxc6 bxc6 13. e3 Qb6 14. Qa3
Rfe8 15. Bd2 Bd7 16. Bc3 e6 17. b4 Bf8 18. Qb3 Bc8 19. Rfb1 Ba6 20. a4 Bc4 21.
Qd1 Reb8 22. h4 h5 23. Qc2 f5 24. Kh2 Rb7 25. Bf1 Bxf1 26. Rxf1 Rab8 27. Bd2
Qa6 28. Rfc1 Bxb4 29. Bxb4 Rxb4 30. Qxc6 R4b6 31. Qc7 Qb7 32. Qe5 Qg7 33. Qf4
R8b7 34. Rc8+ Kh7 35. Rac1 Re7 36. Rd8 Rbb7 37. Rcc8 Rec7 38. a5 Rxc8 39. Rxc8
Re7 40. a6 e5 41. dxe5 Rxe5 42. Rb8 Re7 43. Qd6 Rd7 44. Qc6 Rc7 45. Qxd5 Rd7
46. Qc6 Rc7 47. Qxc7 Qxc7 48. Rb7 Qg7 49. Kg2 Kg8 50. Rxg7+ Kxg7 51. Kf3 Kf6
52. Kf4 Kf7 53. Kg5 Kg7 54. f3 Kf7 55. e4 fxe4 56. fxe4 Kg7 57. e5 Kf7 58. e6+
Kxe6 59. Kxg6 Kd6 60. Kxh5 Kc5 61. Kg5 Kb5 62. h5 Kxa6 63. h6 1-0

[Event "16e Open International - Réunion"]
[Site "Saint-Denis (974)"]
[Date "2014.10.20"]
[Round "4"]
[White "Francou, Yvon"]
[Black "Mezouaghi, Miloud"]
[Result "0-1"]
[WhiteElo "1670"]
[BlackElo "2037"]
[PlyCount "68"]
[EventDate "2014.??.??"]

1. e4 c5 2. Nf3 d6 3. c3 Nf6 4. Qc2 Qc7 5. d4 cxd4 6. Nxd4 Nc6 7. Nb3 g6 8. h3
Bg7 9. Be3 O-O 10. N1d2 d5 11. Be2 b6 12. exd5 Nxd5 13. Bg5 h6 14. Bh4 Nf4 15.
Bf3 Nb4 16. Qe4 Bf5 17. Qc4 Nc2+ 18. Kf1 Qxc4+ 19. Nxc4 Nxa1 20. Nbd2 Rac8 21.
Ne3 Bd3+ 22. Kg1 Nc2 23. Nd5 Nxd5 24. Bxd5 Rfd8 25. Bb3 b5 26. Bxe7 Re8 27. Bh4
Re1+ 28. Kh2 Be5+ 29. Bg3 Bxg3+ 30. fxg3 Rxh1+ 31. Kxh1 Ne3 32. Nf3 Bc4 33.
Bxc4 bxc4 34. Nd4 Rb8 0-1

[Event "16e Open International - Réunion"]
[Site "Saint-Denis (974)"]
[Date "2014.10.20"]
[Round "4"]
[White "Roos, Louise"]
[Black "Goorsahye, Antoine"]
[Result "1-0"]
[WhiteElo "1914"]
[BlackElo "1726"]
[PlyCount "51"]
[EventDate "2014.??.??"]

1. e4 e5 2. Nf3 Nc6 3. Bb5 a6 4. Ba4 Nf6 5. Qe2 b5 6. Bb3 Be7 7. Nc3 d6 8. O-O
O-O 9. a4 b4 10. Nd5 Bg4 11. Qc4 Bxf3 12. Qxc6 Bh5 13. Nxb4 Rb8 14. Nd5 Nxd5
15. Qxd5 Qd7 16. d3 Kh8 17. f4 f6 18. Qa5 Qc8 19. f5 c6 20. Qe1 d5 21. Kh1 Rd8
22. Qh4 Bf7 23. Rf3 dxe4 24. Bxf7 exf3 25. Bg6 fxg2+ 26. Kxg2 1-0

[Event "16e Open International - Réunion"]
[Site "Saint-Denis (974)"]
[Date "2014.10.20"]
[Round "4"]
[White "Calmels, Nicolas"]
[Black "Andriandaza, Tombo Omar"]
[Result "1-0"]
[WhiteElo "1884"]
[BlackElo "1717"]
[PlyCount "99"]
[EventDate "2014.??.??"]

1. e4 c6 2. Nc3 d5 3. d4 dxe4 4. Nxe4 Bf5 5. Ng3 Bg6 6. Be2 Nf6 7. Nf3 Nbd7 8.
c4 e6 9. a3 Be7 10. Nh4 Qc7 11. b4 a5 12. Bd2 axb4 13. axb4 O-O 14. Nxg6 hxg6
15. O-O Nb6 16. Qb3 Rfd8 17. Be3 Rxa1 18. Rxa1 Ra8 19. Ra5 Bd8 20. Rxa8 Nxa8
21. Qb2 Nb6 22. h4 Nbd7 23. Bf3 Be7 24. c5 Nd5 25. Bxd5 exd5 26. h5 gxh5 27.
Nxh5 g6 28. Bf4 Qc8 29. Ng3 Bf6 30. Be3 Qa8 31. b5 Nxc5 32. bxc6 bxc6 33. Qb4
Ne6 34. Ne2 Qa6 35. Qd2 Qa1+ 36. Kh2 Qa4 37. Qb2 Kg7 38. Qd2 Kh7 39. f4 Ng7 40.
g4 Ne8 41. Ng3 Nd6 42. Qd3 Qb5 43. Qc3 Qc4 44. Qa3 Nb5 45. Qf8 Qd3 46. Qxf7+
Bg7 47. f5 Qc2+ 48. Kh3 gxf5 49. Nxf5 Qxf5 50. gxf5 1-0

[Event "16e Open International - Réunion"]
[Site "Saint-Denis (974)"]
[Date "2014.10.20"]
[Round "4"]
[White "Triton, Maxime"]
[Black "Rajaonson, Andriamahenina"]
[Result "0-1"]
[WhiteElo "1450"]
[BlackElo "1864"]
[PlyCount "62"]
[EventDate "2014.??.??"]

1. e4 c5 2. Nc3 e6 3. f4 Nc6 4. Nf3 Nf6 5. Be2 d5 6. exd5 exd5 7. d4 c4 8. O-O
Bb4 9. Bd2 O-O 10. Qe1 Re8 11. Qf2 Ng4 12. Qe1 Bxc3 13. Bxc3 Ne3 14. Rc1 Nxf1
15. Qxf1 Bf5 16. Ne5 Qb6 17. Nxc6 Qxc6 18. Bf3 Be4 19. Bh5 Qh6 20. Be2 Qg6 21.
Bf3 Rad8 22. Bxe4 Rxe4 23. Qf3 Qf5 24. Bd2 Rxd4 25. Be3 Re4 26. g4 Qe6 27. Bxa7
b6 28. Qf2 Qxg4+ 29. Kh1 Rxf4 30. Qxb6 Qf3+ 31. Kg1 Rg4# 0-1

[Event "16e Open International - Réunion"]
[Site "Saint-Denis (974)"]
[Date "2014.10.20"]
[Round "4"]
[White "Frelicot, Eric"]
[Black "Weber, Richard"]
[Result "1/2-1/2"]
[WhiteElo "1841"]
[BlackElo "1650"]
[PlyCount "70"]
[EventDate "2014.??.??"]

1. c4 Nc6 2. Nc3 e6 3. e4 Nd4 4. Nf3 Nxf3+ 5. Qxf3 Qf6 6. Be2 Qxf3 7. Bxf3 c6
8. d4 Bb4 9. Bd2 d6 10. O-O Ne7 11. a3 Bxc3 12. Bxc3 O-O 13. Rfe1 Rd8 14. Rad1
Bd7 15. Bb4 Nc8 16. e5 d5 17. c5 a5 18. Bd2 b5 19. b4 a4 20. Bg5 Re8 21. Rd3 h6
22. Bd2 Ne7 23. Bh5 g6 24. Bd1 Kg7 25. Ree3 Rh8 26. Rh3 Rh7 27. g4 Rf8 28. Rdf3
Ng8 29. g5 h5 30. Bc2 Ne7 31. Rf6 Ng8 32. Rf4 Ne7 33. Rhf3 Nf5 34. Bxf5 exf5
35. h4 Be6 1/2-1/2

[Event "16e Open International - Réunion"]
[Site "Saint-Denis (974)"]
[Date "2014.10.20"]
[Round "4"]
[White "Fontaine, Cedric"]
[Black "Duprey, Francois-Xavier"]
[Result "1-0"]
[WhiteElo "1642"]
[BlackElo "1764"]
[PlyCount "75"]
[EventDate "2014.??.??"]

1. e4 c5 2. Nf3 d6 3. d4 cxd4 4. Nxd4 Nf6 5. Nc3 g6 6. Be3 Bg7 7. f3 O-O 8. Qd2
Nc6 9. Bc4 Bd7 10. g4 Ne5 11. Bb3 b5 12. h4 h5 13. gxh5 Nxh5 14. Bh6 Nc4 15.
Bxc4 bxc4 16. Bxg7 Kxg7 17. Nf5+ Bxf5 18. exf5 Qa5 19. Qd4+ Kh7 20. fxg6+ fxg6
21. O-O-O Rxf3 22. Qe4 Raf8 23. Rd5 Rf1+ 24. Rxf1 Rxf1+ 25. Nd1 Qxa2 26. Rxh5+
Kg7 27. Qxe7+ Kg8 28. Qd8+ Kg7 29. Ra5 Rxd1+ 30. Kxd1 Qb1+ 31. Kd2 Qg1 32. Qe7+
Kg8 33. Rg5 Qf2+ 34. Kd1 Qf1+ 35. Qe1 Qf3+ 36. Kc1 Qf4+ 37. Kb1 Qxh4 38. Qxh4
1-0

[Event "16e Open International - Réunion"]
[Site "Saint-Denis (974)"]
[Date "2014.10.20"]
[Round "4"]
[White "Collet, Jean Daniel"]
[Black "Desire, Michael"]
[Result "0-1"]
[WhiteElo "1399"]
[BlackElo "1751"]
[PlyCount "90"]
[EventDate "2014.??.??"]

1. e4 c6 2. d4 d5 3. e5 Bf5 4. Bd3 Bxd3 5. Qxd3 e6 6. Be3 Nd7 7. c3 Ne7 8. f4
c5 9. Nf3 Nc6 10. a3 c4 11. Qc2 g6 12. Nbd2 b5 13. O-O Bh6 14. Ng5 O-O 15. Ndf3
Rb8 16. Qf2 a5 17. Qh4 Kg7 18. h3 Bxg5 19. fxg5 Ne7 20. Nh2 Nf5 21. Rxf5 gxf5
22. Qh6+ Kh8 23. h4 Rg8 24. Qh5 Qf8 25. Nf3 Qg7 26. Nh2 Qg6 27. Qe2 Nb6 28. h5
Qg7 29. Nf3 Qf8 30. Bf2 Nd7 31. Qe3 Qg7 32. h6 Qg6 33. Bh4 Qh5 34. Bg3 Qg4 35.
Kf2 Qe4 36. Qd2 Nf8 37. Qd1 Ng6 38. Qd2 Qd3 39. Qe1 b4 40. axb4 axb4 41. Ra7
Rgf8 42. cxb4 f4 43. Ng1 Qxd4+ 44. Kf3 Nxe5+ 45. Ke2 fxg3 0-1

[Event "16e Open International - Réunion"]
[Site "Saint-Denis (974)"]
[Date "2014.10.20"]
[Round "4"]
[White "Bah, Ismael"]
[Black "Sandjivy, Jean Marc"]
[Result "1-0"]
[WhiteElo "1745"]
[BlackElo "1366"]
[PlyCount "143"]
[EventDate "2014.??.??"]

1. Nf3 c5 2. c4 d6 3. e3 Nc6 4. Nc3 Nf6 5. Be2 Bd7 6. O-O e6 7. d4 cxd4 8. exd4
d5 9. a3 Be7 10. Re1 O-O 11. Bf4 Re8 12. Ne5 Bc8 13. cxd5 Nxd5 14. Nxc6 bxc6
15. Bg3 Nf6 16. Qc2 Qxd4 17. Rad1 Qb6 18. Na4 Qb7 19. Bf3 Nd5 20. Re4 Rd8 21.
Rc4 Bd7 22. Nc5 Bxc5 23. Rxc5 Rac8 24. Be2 Nc7 25. Rc3 Be8 26. Bd3 g6 27. Rb3
Qa8 28. Rc1 Nb5 29. Rb4 Rd7 30. Bxb5 cxb5 31. Qb1 Rd5 32. h3 Rcd8 33. Qc2 a5
34. Re4 Bd7 35. Be5 Bc8 36. Bf6 Re8 37. Rh4 Bb7 38. f3 Rf5 39. Bc3 Rd8 40. Qf2
Rdd5 41. g4 Rf4 42. Qe3 Rc4 43. Qh6 f6 44. Qxh7+ Kf8 45. Qh8+ Ke7 46. Qxf6+ Kd6
47. Re1 Bc8 48. Qd8+ Kc6 49. Qe8+ Kb6 50. Rxe6+ Rc6 51. Rxc6+ Qxc6 52. Bxa5+
Kb7 53. Qxc6+ Kxc6 54. Rh8 Bb7 55. Rh6 Rd6 56. Kf2 Kd5 57. Rh8 Kc4 58. h4 Rf6
59. Bc3 Rxf3+ 60. Ke2 Rg3 61. g5 Rg4 62. Bf6 Kd5 63. h5 gxh5 64. Rxh5 Ke4 65.
Rh7 Bd5 66. Re7+ Kf5 67. Re5+ Kg6 68. Rxd5 Re4+ 69. Kd3 Rg4 70. Rxb5 Rg3+ 71.
Kc4 Rg1 72. b3 1-0

[Event "16e Open International - Réunion"]
[Site "Saint-Denis (974)"]
[Date "2014.10.20"]
[Round "4"]
[White "Le Maguet, Loan"]
[Black "Rajaobelina, Hery"]
[Result "0-1"]
[WhiteElo "1280"]
[BlackElo "1887"]
[PlyCount "76"]
[EventDate "2014.??.??"]

1. e4 c5 2. Nf3 d6 3. d4 cxd4 4. Nxd4 Nf6 5. Nc3 a6 6. Bg5 e6 7. Bc4 Be7 8. O-O
Qc7 9. Bb3 Bd7 10. a3 Nc6 11. Nxc6 bxc6 12. Re1 O-O 13. h3 Bc8 14. Qf3 Bb7 15.
Rad1 a5 16. Bxf6 Bxf6 17. Qg3 Rfd8 18. f4 Qe7 19. Qf2 Qc7 20. Qg3 Qb6+ 21. Kh1
Bd4 22. Rf1 c5 23. Na4 Qc6 24. c3 c4 25. Bc2 Ba7 26. e5 dxe5 27. fxe5 Qe8 28.
Qh4 g6 29. Qxc4 Qe7 30. Qb5 Rab8 31. Qxa5 Rxd1 32. Rxd1 Qg5 33. Rd5 Bxd5 34.
Qxd5 exd5 35. b4 Qc1+ 36. Kh2 Qf4+ 37. Kh1 Re8 38. e6 Rxe6 0-1

[Event "16e Open International - Réunion"]
[Site "Saint-Denis (974)"]
[Date "2014.10.20"]
[Round "4"]
[White "Riviere, Etienne"]
[Black "Labrande, Theodore"]
[Result "1-0"]
[WhiteElo "1580"]
[BlackElo "1471"]
[PlyCount "121"]
[EventDate "2014.??.??"]

1. d4 d6 2. e4 Nf6 3. Bd3 g6 4. c4 c6 5. Ne2 Bg7 6. O-O O-O 7. Nbc3 Nbd7 8. Bg5
c5 9. d5 Ne5 10. Rb1 Ne8 11. b4 cxb4 12. Rxb4 f5 13. f3 h6 14. Bc1 g5 15. exf5
Nxd3 16. Qxd3 Bxf5 17. Ne4 Qc8 18. N2g3 Bg6 19. Qb3 b6 20. Re1 Qc7 21. a4 Bd4+
22. Be3 Bc5 23. Bxc5 dxc5 24. Rb5 Qd7 25. Qc3 Nc7 26. Rb2 Qxa4 27. d6 exd6 28.
Nf6+ Kf7 29. Nf5 Bxf5 30. Nh5 Ne6 31. Qf6+ Ke8 32. Rxe6+ Bxe6 33. Qxe6+ Kd8 34.
Qxd6+ Kc8 35. Qxf8+ Kb7 36. Qe7+ Ka6 37. Qe2 Kb7 38. Nf6 Rf8 39. Qe7+ Ka6 40.
Qe2 Kb7 41. Nd5 Re8 42. Ne7 Qd7 43. Qe4+ Kb8 44. Re2 Kc7 45. Qe5+ Kb7 46. Qe4+
Kc7 47. Nd5+ Kd8 48. Ne7 Kc7 49. Nd5+ Kd8 50. Ne7 Kc7 51. Kf2 Kb8 52. Nc6+ Kc7
53. Qxe8 Qxe8 54. Rxe8 Kxc6 55. Re1 a5 56. Ra1 b5 57. cxb5+ Kxb5 58. Ke2 c4 59.
Kd2 Kb4 60. Rb1+ Kc5 61. Kc3 1-0

[Event "16e Open International - Réunion"]
[Site "Saint-Denis (974)"]
[Date "2014.10.20"]
[Round "4"]
[White "Labrande, Eleonore"]
[Black "Kibria, Golam"]
[Result "0-1"]
[WhiteElo "1400"]
[BlackElo "1899"]
[PlyCount "72"]
[EventDate "2014.??.??"]

1. e4 c5 2. Nf3 d6 3. d4 cxd4 4. Nxd4 Nc6 5. Bb5 Bd7 6. Nc3 Nf6 7. O-O e6 8.
Re1 Be7 9. Qf3 Nxd4 10. Bxd7+ Qxd7 11. Qd3 e5 12. Nd1 O-O 13. c3 Qb5 14. Qd2
Ne6 15. a4 Qb6 16. Qd3 Nc5 17. Qc4 Qb3 18. Qe2 Ncxe4 19. Ra3 Qe6 20. b4 d5 21.
f3 Nd6 22. Qxe5 Qxe5 23. Rxe5 Rfe8 24. Ne3 Nc4 25. Nxc4 dxc4 26. Rb5 b6 27. a5
bxa5 28. Rbxa5 Bd8 29. Ra6 Re1+ 30. Kf2 Rxc1 31. Rc6 h6 32. Rxc4 Rc2+ 33. Kf1
Bb6 34. Ke1 Rd8 35. Ra1 Bf2+ 36. Kf1 Nd5 0-1

[Event "16e Open International - Réunion"]
[Site "Saint-Denis (974)"]
[Date "2014.10.20"]
[Round "4"]
[White "Etheve, Loic"]
[Black "Jourde, Michel"]
[Result "0-1"]
[WhiteElo "1399"]
[BlackElo "1805"]
[PlyCount "64"]
[EventDate "2014.??.??"]

1. e4 d5 2. exd5 Nf6 3. Bb5+ Nbd7 4. c4 g6 5. Nc3 Bg7 6. d4 O-O 7. Nge2 Nb6 8.
Na4 a6 9. Nxb6 cxb6 10. Ba4 b5 11. cxb5 axb5 12. Bxb5 Qxd5 13. Bd3 Qxg2 14. Rg1
Qxh2 15. Bf4 Qh3 16. Qb3 Be6 17. Qxb7 Qxd3 18. Be5 Rxa2 19. Rd1 Qa6 20. Qg2 Bd5
21. Qh3 Ra1 22. Nc3 Rxd1+ 23. Nxd1 Ne4 24. Qh5 Qa5+ 25. b4 Qxb4+ 26. Ke2 Qd2+
27. Kf3 Nf6+ 28. Kg3 Nxh5+ 29. Kh4 Bxe5 30. Rxg6+ fxg6 31. dxe5 Be6 32. f3 Qf4#
0-1

[Event "16e Open International - Réunion"]
[Site "Saint-Denis (974)"]
[Date "2014.10.20"]
[Round "4"]
[White "Labrande, Emmanuel"]
[Black "Vitry, Patrick"]
[Result "0-1"]
[WhiteElo "1389"]
[BlackElo "1733"]
[PlyCount "139"]
[EventDate "2014.??.??"]

1. e4 g6 2. d4 Bg7 3. Nc3 d6 4. Be3 c6 5. Qd2 b5 6. O-O-O a5 7. Kb1 Na6 8. Nf3
Rb8 9. a3 b4 10. Na2 bxa3 11. b3 Qc7 12. Kc1 Nb4 13. c3 Nxa2+ 14. Qxa2 Nf6 15.
Bd3 Be6 16. c4 d5 17. Ng5 Bd7 18. f3 h6 19. Nh3 g5 20. e5 Ng8 21. Qxa3 e6 22.
c5 Ne7 23. Kd2 O-O 24. Nf2 Nf5 25. g3 Nxe3 26. Kxe3 f6 27. f4 fxe5 28. dxe5
gxf4+ 29. gxf4 Bxe5 30. fxe5 Qxe5+ 31. Ne4 Qf4+ 32. Ke2 d4 33. Rhg1+ Kh8 34.
Rg3 e5 35. Qc1 Bg4+ 36. Rxg4 Qxg4+ 37. Ke1 Qg1+ 38. Kd2 Qxh2+ 39. Ke1 Qg1+ 40.
Kd2 Qe3+ 41. Kc2 Qxc1+ 42. Rxc1 Rb7 43. Kb1 Rg7 44. Nd2 Rf2 45. Kc2 Rgg2 46.
Rd1 h5 47. Be4 Rg3 48. Bxc6 Rc3+ 49. Kb2 Rxc5 50. Be4 h4 51. Ka3 Rh2 52. Nf3
Rh3 53. Ng5 Rg3 54. Nf3 h3 55. Rh1 Rc3 56. Nd2 Kg7 57. Ka4 Rc5 58. Nc4 Kf6 59.
Rf1+ Ke7 60. Rf5 Ke6 61. Rh5 d3 62. Rh6+ Kf7 63. Nd6+ Kg8 64. Nf5 d2 65. Ne7+
Kf7 66. Rh7+ Rg7 67. Bg6+ Kf8 68. Rh8+ Kxe7 69. Re8+ Kf6 70. Bh5 0-1

[Event "16e Open International - Réunion"]
[Site "Saint-Denis (974)"]
[Date "2014.10.20"]
[Round "4"]
[White "Mablouke, Ulrich"]
[Black "Labrande, Jean Donatien"]
[Result "1-0"]
[WhiteElo "1702"]
[BlackElo "1372"]
[PlyCount "45"]
[EventDate "2014.??.??"]

1. e4 c5 2. d4 cxd4 3. c3 Nc6 4. cxd4 d5 5. e5 e6 6. Qg4 Qb6 7. Nf3 Bb4+ 8. Nc3
g6 9. Bd3 Bd7 10. O-O O-O-O 11. Nb5 Kb8 12. Be3 f6 13. a3 Be7 14. b4 f5 15. Qg3
Nxb4 16. axb4 Bxb5 17. Bxb5 Qxb5 18. Rfb1 Bxb4 19. Bd2 a5 20. Bxb4 axb4 21. Ng5
Rc8 22. Nf7 Rc3 23. Qxc3 1-0

[Event "16e Open International - Réunion"]
[Site "Saint-Denis (974)"]
[Date "2014.10.20"]
[Round "4"]
[White "Noel, Philippe"]
[Black "Dennemont, Bruno"]
[Result "0-1"]
[WhiteElo "1297"]
[BlackElo "1620"]
[PlyCount "53"]
[EventDate "2014.??.??"]

1. e4 e5 2. Nf3 Nc6 3. Bc4 Bc5 4. d3 Nf6 5. Bg5 d6 6. Nc3 h6 7. Bxf6 Qxf6 8.
Nd5 Qd8 9. c3 a6 10. b4 Ba7 11. Qd2 Ne7 12. O-O Nxd5 13. exd5 O-O 14. Rfe1 Bg4
15. Qe2 Qf6 16. Rac1 Bxf3 17. gxf3 c6 18. Kh1 b5 19. Bb3 c5 20. Rg1 Rac8 21. c4
cxb4 22. Rg2 Qh4 23. Rcg1 g6 24. Rg3 Kh7 25. R1g2 Bc5 26. h3 Rg8 27. Kh2 0-1

[Event "16e Open International - Réunion"]
[Site "Saint-Denis (974)"]
[Date "2014.10.20"]
[Round "4"]
[White "Sandjivy, Vivien"]
[Black "Romain, Arnaud"]
[Result "0-1"]
[WhiteElo "1220"]
[BlackElo "1582"]
[PlyCount "108"]
[EventDate "2014.??.??"]

1. Nf3 d5 2. d4 Bf5 3. Nc3 Nf6 4. Bg5 e6 5. e3 Be7 6. Bd3 Ne4 7. Bxe7 Qxe7 8.
Bxe4 Bxe4 9. Nxe4 dxe4 10. Ne5 O-O 11. Qg4 Qb4+ 12. c3 Qxb2 13. O-O f5 14. Qf4
Qa3 15. Nc4 Qe7 16. Rab1 c6 17. Nd6 b6 18. c4 g5 19. Qe5 Nd7 20. Qg3 f4 21. Qg4
Qxd6 22. Qxg5+ Kh8 23. c5 bxc5 24. dxc5 Qxc5 25. Qh6 Qf5 26. Rb7 Rf6 27. Qh4
Rf7 28. exf4 Nb6 29. Rxf7 Qxf7 30. Qg5 Rg8 31. Qe5+ Rg7 32. Rd1 Nd5 33. Rb1 Nb6
34. Rd1 Qg8 35. Qf6 Nd5 36. Qe5 Qf7 37. Rb1 Nf6 38. Rb8+ Rg8 39. Rxg8+ Kxg8 40.
Qg5+ Kf8 41. Qc5+ Qe7 42. Qxc6 Qd7 43. Qc2 Qd3 44. Qc8+ Ke7 45. Qc5+ Kf7 46. g3
Qb1+ 47. Kg2 Qxa2 48. Qc7+ Kg6 49. Qe5 Qd5 50. Qg5+ Qxg5 51. fxg5 Kxg5 52. h4+
Kg4 53. Kf1 Kf3 54. Ke1 Ng4 0-1

[Event "16e Open International - Réunion"]
[Site "Saint-Denis (974)"]
[Date "2014.10.20"]
[Round "4"]
[White "Hoareau, Noe"]
[Black "Lacouture, Alexandre"]
[Result "1-0"]
[WhiteElo "1557"]
[BlackElo "1210"]
[PlyCount "71"]
[EventDate "2014.??.??"]

1. e4 e5 2. Nf3 Nc6 3. d4 exd4 4. Bc4 Bc5 5. c3 dxc3 6. Bxf7+ Kxf7 7. Qd5+ Ke7
8. Qxc5+ d6 9. Qxc3 h6 10. Qxg7+ Ke8 11. Qxh8 Nce7 12. Bxh6 Kd7 13. Bg5 c5 14.
Nc3 b6 15. Bxe7 Qxe7 16. Qxg8 Bb7 17. Qg4+ Kc7 18. O-O Qe8 19. Rfd1 Bc6 20.
Qg7+ Bd7 21. e5 dxe5 22. Qxe5+ Qxe5 23. Nxe5 Bf5 24. Nd5+ Kb7 25. Nc4 Be6 26.
Nce3 Rg8 27. Nf4 Bd7 28. Rxd7+ Kc6 29. Rxa7 Rf8 30. g3 Kb5 31. Rc1 Rc8 32. b4
Rd8 33. Rc4 Rc8 34. a4+ Kc6 35. Nf5 Rd8 36. b5# 1-0

[Event "16e Open International - Réunion"]
[Site "Saint-Denis (974)"]
[Date "2014.10.20"]
[Round "4"]
[White "Caminade, Hugo"]
[Black "Fontaine, Willy"]
[Result "0-1"]
[WhiteElo "1070"]
[BlackElo "1456"]
[PlyCount "112"]
[EventDate "2014.??.??"]

1. Nf3 d6 2. g3 Bg4 3. Bg2 Nf6 4. h3 Bd7 5. d3 c5 6. Nc3 Bc6 7. e4 e5 8. Be3
Be7 9. O-O h6 10. h4 Ng4 11. Qe2 Nxe3 12. Qxe3 Nd7 13. Nd5 Bxd5 14. exd5 Nf6
15. Bh3 Nxd5 16. Qe4 Nf6 17. Qxb7 O-O 18. Rfe1 a5 19. c3 Rb8 20. Qa6 Ra8 21.
Qb7 Rb8 22. Qa7 Re8 23. d4 Ra8 24. Qb7 Rb8 25. Qa7 Bf8 26. Rad1 Ra8 27. Qb7 Rb8
28. Qa7 Qb6 29. Qxb6 Rxb6 30. dxe5 dxe5 31. Nxe5 Rxb2 32. Ra1 a4 33. Nd3 Rc2
34. Rec1 Rd2 35. Nf4 g5 36. Ng2 g4 37. Rd1 Red8 38. Rxd2 Rxd2 39. Bxg4 Nxg4 40.
f3 Nf6 41. Nf4 Rc2 42. g4 Rxc3 43. g5 hxg5 44. hxg5 Nh7 45. g6 fxg6 46. Nxg6
Bg7 47. Ne7+ Kf7 48. Nf5 Be5 49. Re1 Kf6 50. Ne3 Bd4 51. Kf2 Ra3 52. Re2 Ng5
53. f4 Nh3+ 54. Kf3 Ng1+ 55. Kf2 Nxe2 56. Kxe2 Rxe3+ 0-1

[Event "16e Open International - Réunion"]
[Site "Saint-Denis (974)"]
[Date "2014.10.20"]
[Round "4"]
[White "Collet, Marine Celine Theres"]
[Black "Sandjivy, Mateo"]
[Result "0-1"]
[WhiteElo "1009"]
[BlackElo "1432"]
[PlyCount "80"]
[EventDate "2014.??.??"]

1. e4 e5 2. Nf3 Nc6 3. Bc4 Bc5 4. O-O d6 5. d3 Bg4 6. h3 Bxf3 7. Qxf3 Qf6 8.
Qxf6 Nxf6 9. Nc3 Rc8 10. Kh1 O-O 11. f4 Nd4 12. Be3 Nxc2 13. Bxc5 Nxa1 14. Rxa1
dxc5 15. fxe5 Rcd8 16. exf6 gxf6 17. Rf1 Rd6 18. Nd5 c6 19. Nxf6+ Kg7 20. e5
Rdd8 21. Rf5 Kg6 22. Rh5 h6 23. Bb3 Rd4 24. g4 b5 25. Bc2 Kg7 26. g5 hxg5 27.
Rxg5+ Kh6 28. h4 Rxh4+ 29. Kg2 Kxg5 30. Ne4+ Kf5 31. Nd6+ Kxe5 32. Ne4 Rg8+ 33.
Kf3 Rf4+ 34. Ke3 c4 35. d4+ Kf5 36. Ng3+ Kg4 37. Ne4 Re8 38. Bd1+ Kf5 39. Bf3
Rfxe4+ 40. Bxe4+ Rxe4+ 0-1

[Event "16e Open International - Réunion"]
[Site "Saint-Denis (974)"]
[Date "2014.10.20"]
[Round "4"]
[White "Romain, Juliane"]
[Black "Caminade, Lionel"]
[Result "1-0"]
[WhiteElo "1412"]
[BlackElo "1240"]
[PlyCount "89"]
[EventDate "2014.??.??"]

1. e4 c6 2. d4 d5 3. Nc3 dxe4 4. Nxe4 Bf5 5. Ng3 Bg6 6. Nf3 Nd7 7. Bc4 h6 8.
O-O e6 9. Bf4 Be7 10. Qe2 Qb6 11. c3 Ngf6 12. Rfe1 Nd5 13. Be5 O-O 14. Bb3 Nc7
15. Bxc7 Qxc7 16. Bxe6 Rae8 17. Bxd7 Qxd7 18. Ne5 Qd5 19. Qg4 h5 20. Nxh5 Rd8
21. Nxg6 fxg6 22. Rxe7 Qxh5 23. Qxh5 gxh5 24. Rxb7 Rf7 25. Rxf7 Kxf7 26. Re1
Rb8 27. b3 Re8 28. Re5 g6 29. c4 a5 30. Rxa5 Rd8 31. d5 cxd5 32. Rxd5 Re8 33.
h4 Re1+ 34. Kh2 Ra1 35. a4 Rb1 36. Rd3 Kf6 37. c5 Kf5 38. c6 Ke4 39. Re3+ Kd5
40. c7 Rc1 41. Re7 Kd6 42. Rg7 Rxc7 43. Rxc7 Kxc7 44. Kg3 Kc6 45. Kf4 1-0